Catálogo público

Manual auditoría de riego en campos de golf / (Record no. 217469)

MARC details
000 -CABECERA
campo de control de longitud fija 00786 a2200229 4500
003 - IDENTIFICADOR DEL NÚMERO DE CONTROL
campo de control OSt
005 - FECHA Y HORA DE LA ÚLTIMA TRANSACCIÓN
campo de control 20230419115454.0
008 - DATOS DE LONGITUD FIJA--INFORMACIÓN GENERAL
campo de control de longitud fija 220811s2014 sp a||||r|||| 00| 0 spa d
020 ## - NÚMERO INTERNACIONAL ESTÁNDAR DEL LIBRO
Número Internacional Estándar del Libro 9788416271368
040 ## - FUENTE DE LA CATALOGACIÓN
Centro/agencia transcriptor CHAP
082 00 - NÚMERO DE LA CLASIFICACIÓN DECIMAL DEWEY
Número de clasificación 635.964287
Número de documento/Ítem M95
Número de edición 22
100 1# - ENTRADA PRINCIPAL--NOMBRE DE PERSONA
9 (RLIN) 186720
Nombre de persona Muñoz Vega, Pablo
245 10 - MENCIÓN DE TÍTULO
Título Manual auditoría de riego en campos de golf /
Mención de responsabilidad, etc. por Pablo Muñoz Vega y Luis Cornejo Hermosín.
264 #1 - PRODUCCIÓN, PUBLICACIÓN, DISTRIBUCIÓN, FABRICACIÓN Y COPYRIGHT
Producción, publicación, distribución, fabricación y copyright Antequera, Málaga :
Nombre del de productor, editor, distribuidor, fabricante IC Editorial,
Fecha de producción, publicación, distribución, fabricación o copyright 2014.
300 ## - DESCRIPCIÓN FÍSICA
Extensión 261 páginas.
Otras características físicas ilustraciones.
504 ## - NOTA DE BIBLIOGRAFÍA, ETC.
Nota de bibliografía, etc. Incluye bibliografía.
650 #4 - PUNTO DE ACCESO ADICIONAL DE MATERIA--TÉRMINO DE MATERIA
9 (RLIN) 186717
Término de materia o nombre geográfico como elemento de entrada Sistemas de riego
Subdivisión general Evaluación
650 #4 - PUNTO DE ACCESO ADICIONAL DE MATERIA--TÉRMINO DE MATERIA
9 (RLIN) 186668
Término de materia o nombre geográfico como elemento de entrada Campos de golf
Subdivisión general Mantenimiento
650 #4 - PUNTO DE ACCESO ADICIONAL DE MATERIA--TÉRMINO DE MATERIA
9 (RLIN) 60421
Término de materia o nombre geográfico como elemento de entrada Irrigación
Subdivisión general Implementos y maquinaria
700 1# - PUNTO DE ACCESO ADICIONAL--NOMBRE DE PERSONA
9 (RLIN) 186721
Nombre de persona Cornejo Hermosín, Luis
942 ## - ELEMENTOS DE PUNTO DE ACCESO ADICIONAL (KOHA)
Fuente del sistema de clasificación o colocación Dewey Decimal Classification
Tipo de ítem Koha Libro
Holdings
Estado de retiro Estado de pérdida Fuente del sistema de clasificación o colocación Estado dañado Restricciones de uso No para préstamo Código de colección Localización permanente Ubicación/localización actual Ubicación en estantería Fecha de adquisición Total de préstamos Signatura topográfica completa Código de barras Fecha visto por última vez Precio válido a partir de Tipo de ítem Koha Fecha del último préstamo Número de copia
    Dewey Decimal Classification   Préstamo 15 días   General Biblioteca Central Biblioteca Central Planta principal - Colección General 18/04/2023   635.964287 M95 33724002571157 18/04/2023 18/04/2023 Libro    
    Dewey Decimal Classification   Préstamo 15 días   General Biblioteca Central Biblioteca Central Planta principal - Colección General 18/04/2023 1 635.964287 M95 33724002571199 14/12/2023 18/04/2023 Libro 13/12/2023 c.2